000
00298cam a22001097a 4500
008
180718b2002 xxu||||| |||| 00| 0 eng d
020
_a
81 87036 72 9
100
_a
Rattu, Krishan Kumar
245
_a
Jehad aur aatank
_c
by Krishan Kumar Rattu
260
_a
Jaipur
_b
Book Inclave
_c
2002
300
_a
219p.
999
_c
440284
_d
440284